Nástroje pre podnikateľov ako čerpať podporu z európskych fondov

Výsledky čerpania pomoci z európskych fondov pre verejný a súkromný sektor v obdoví rokov 2004-2006. Faktory úspešnosti a neúspešnosti projektov. Operačné programy pre r. 2007-2013. Príležitosti pre podnikateľskú sféru - príprava projektov pre Združenie obchodu a cestovného ruchu SR a pre Združenie...

Full description

Saved in:
Bibliographic Details
Main Author: Filo, Peter
Other Authors: Kirnág, Ján, Mušáková, Miriama
Format: Book Chapter
Language:Slovak
Subjects:
Tags: Add Tag
No Tags, Be the first to tag this record!

MARC

LEADER 00000naa$a2200000$$$4500
001 0054782
005 20240729072613.9
041 0 |a slo 
044 |a CZ 
245 1 0 |a Nástroje pre podnikateľov ako čerpať podporu z európskych fondov 
520 |a Výsledky čerpania pomoci z európskych fondov pre verejný a súkromný sektor v obdoví rokov 2004-2006. Faktory úspešnosti a neúspešnosti projektov. Operačné programy pre r. 2007-2013. Príležitosti pre podnikateľskú sféru - príprava projektov pre Združenie obchodu a cestovného ruchu SR a pre Združenie hotelov a reštaurácií. Pomôcky pre projektových manažérov - odborné periodiká, projektové informačné centrá a webová stránka. 
610 2 0 |a projekty 
610 2 0 |a financovanie 
610 2 0 |a spolupráca hospodárska medzinárodná 
610 2 0 |a Európska únia 
610 2 0 |a fondy štruktúrne 
610 2 0 |a partnerstvo verejno-súkromné 
100 1 |a Filo, Peter 
700 1 |a Kirnág, Ján 
700 1 |a Mušáková, Miriama